| 000 | 00467nam a22001697a 4500 | ||
|---|---|---|---|
| 999 |
_c18255 _d18255 |
||
| 008 | 200228b xxu||||| |||| 00| 0 eng d | ||
| 020 | _a0323498449 | ||
| 050 |
_aQP34.5 _b.H47 2018 c.1 |
||
| 100 | _aHerlihy, Barbara | ||
| 245 |
_aThe Human Body in Health and Illness _cBarbara Herlihy |
||
| 250 | _a6th ed. | ||
| 260 |
_aMissouri _bElsevier _c2018 |
||
| 300 | _axv, 572p. | ||
| 650 | _aPhysiological Phenomena | ||
| 650 | _aPathologic process | ||
| 942 |
_2lcc _cBK |
||